Представление документа в формате RUSMARC

ПолеНазваниеЗначение
  Тип записи a
  Библиографический уровень m
001 Контрольный номер RU/ГПНТБ России/KNIGADB/74.200.55/Р 17-715448035
005 Дата корректировки 20260414092736.1
010 Индекс ISBN __
a ISBN 978-5-04-177800-2
b Уточнения в пер.
9 Тираж 3000 экз.
100 Данные общей обработки __
a Данные общей обработки 20260413d2024 m y0rusy028902 ca
101 Язык документа 0_
a Язык текста rus
102 Страна публикации __
a Страна публикации RU
105 Кодированные данные (монография) __
a Кодированные данные (монография) a z 001yy
181 Поле кодированных данных: вид содержания _0
a Код вида содержания (ISBD) i
182 Поле кодированных данных: тип средства _0
a Код типа средства (ISBD) n
200 Заглавие и сведения об ответственности 1_
a Заглавие Об этом не рано
e Сведения, относящиеся к заглавию второй этап полового воспитания: от 6 до 14 лет
e Сведения, относящиеся к заглавию книга для родителей
f Первые сведения об ответственности Ксения Раздрогина, Ольга Карасева
203 Вид содержания и тип средства __
c Тип средства непосредственный
a Вид содержания Текст
210 Выходные данные 1_
a Место издания Москва
c Издательство Эксмо
c Издательство Бомбора
d Дата издания 2024
215 Физическое описание __
a Объем 237, [1] с.
c Иллюстрации/тип воспроизводства ил.
d Формат 21 см
225 Серия 2_
a Серия Детям про это
i Наименование части Книги для родителей
300 Общие примечания __
a Общие примечания Авторы на на обложке и титульной странице: Ксения Раздрогина акушер-гинеколог, детский гинеколог, doc.razdrogina, Ольга Карасева - психолог, специалист по вопросам сексологии, olga_karaseva_psy
320 Библиография __
a Библиография Алфавитный указатель в конце книги
330 Аннотация __
a Аннотация Чем старше дети, тем больше животрепещущих вопросов возникает у их родителей. Что и как рассказать ребенку, чтобы подготовить его к периоду полового созревания и изменениям в теле? Как говорить о сексе и объяснять базовые правила контрацепции? Что нужно знать детям о ЗППП? Как взрослому научиться не нарушать личные границы ребенка, а ребенку — грамотно отстаивать их? Что делать, чтобы у ребенка сложились адекватные отношения с едой и выработались верные пищевые привычки? Как общаться с подростком так, чтобы не поселить в нем комплексы и неуверенность?
333 Примечание о целевом назначении __
a Примечание о целевом назначении 18+. Запрещено для детей
540 Дополнительное заглавие, сделанное каталогизатором 10
a Дополнительное заглавие, сделанное каталогизатором Второй этап полового воспитания: от 6 до 14 лет
606 Тематические рубрики __
a Основная рубрика Образование. Педагогика
2 Код системы nlr_sh
606 Тематические рубрики __
a Основная рубрика Теория и методика воспитания
2 Код системы nlr_sh
610 Ключевые слова 0_
a Ключевые слова половое воспитание
610 Ключевые слова 0_
a Ключевые слова сексуальное просвещение
610 Ключевые слова 0_
a Ключевые слова половое созревание
610 Ключевые слова 0_
a Ключевые слова психология детей
610 Ключевые слова 0_
a Ключевые слова психология подростков
610 Ключевые слова 0_
a Ключевые слова буллинг
610 Ключевые слова 0_
a Ключевые слова личные границы
610 Ключевые слова 0_
a Ключевые слова анатомия половых органов
610 Ключевые слова 0_
a Ключевые слова личная гигиена
610 Ключевые слова 0_
a Ключевые слова интимная гигиена
610 Ключевые слова 0_
a Ключевые слова ЗППП
610 Ключевые слова 0_
a Ключевые слова заболевания передающиеся половым путем
610 Ключевые слова 0_
a Ключевые слова половые инфекции
610 Ключевые слова 0_
a Ключевые слова расстройства пищевого поведения
686 Индексы других классификаций __
2 Код системы rubbks
a Классификационный индекс 74.200.557; В74.200.55
700 Автор _1
a Фамилия Раздрогина
b Имя К. А.
g Полное личное имя Ксения Александровна
4 Код отношения 070
701 Альтернативная интеллектуальная ответственность _1
a Фамилия Карасева
b Имя О. А.
g Полное личное имя Ольга Александровна
4 Код отношения 070
801 Источник записи _0
b Организация ГПНТБ России
a Страна RU
c Дата составления 20260413
g Правила каталогизации PSBO
801 Источник записи _1
b Организация ГПНТБ России
a Страна RU
c Дата составления 20260413
g Правила каталогизации PSBO
852 Данные о местонахождении 5_
i Авторский знак Р 17
j Шифр хранения 74.200.557
901 Тип документа __
a Ответственный КиК/Обаева
t Тип документа m
901 Тип документа __
a Ответственный без партии
903 Характеристики (МАРС) __
a Дата передачи 20260413
c Наименование библиотеки (МАРС) Муниципальное бюджетное учреждение культуры "Централизованная библиотечная система" г. Сургут (Центральная городская библиотека им. А. С. Пушкина)